000 00417pab a2200169 454500
008 180718b2011 xxu||||| |||| 00| 0 eng d
100 _aDash, Manasi
245 _aUnderstanding mobile phone radiation and its effects
260 _c2011
300 _ap.22-25.
362 _a23 Apr
650 _aMobile phone
700 _aMehta, Arun
773 _aEconomic and Political Weekly
908 _aN
909 _a91308
999 _c91308
_d91308